Benchmark (Record no. 75688)

MARC details
000 -LEADER
fixed length control field 00791cab a2200193 4500
001 - CONTROL NUMBER
control field L130543
008 - FIXED-LENGTH DATA ELEMENTS--GENERAL INFORMATION
fixed length control field 050624n2005 000 0 eng u
035 ## - SYSTEM CONTROL NUMBER
System control number (Sirsi) u130543
041 0# - LANGUAGE CODE
Language code of text/sound track or separate title eng
245 00 - TITLE STATEMENT
Title Benchmark
Remainder of title Considerate Constructors Scheme statistics H2
260 ## - PUBLICATION, DISTRIBUTION, ETC.
Date of publication, distribution, etc. 2005
490 #0 - SERIES STATEMENT
Series statement Contract Journal
Volume/sequential designation 429(6536) 3 August 2005, 13(1)
520 ## - SUMMARY, ETC.
Summary, etc. Discusses by region, the number of women on site and the number of Construction Skills Certification Scheme card holders for the first half of 2005. Also examines the number of accidents and complaints by sector for the same time span.
590 ## - LOCAL NOTE (RLIN)
Local note IKA160805
650 24 - SUBJECT ADDED ENTRY--TOPICAL TERM
Topical term or geographic name entry element CONSTRUCTION SKILLS CERTIFICATION SCHEME
651 #4 - SUBJECT ADDED ENTRY--GEOGRAPHIC NAME
Geographic name United Kingdom
Chronological subdivision
690 ## - LOCAL SUBJECT ADDED ENTRY--TOPICAL TERM (OCLC, RLIN)
Topical term or geographic name as entry element CAREERS, EDUCATION AND TRAINING-RAISING THE RATIO
942 ## - ADDED ENTRY ELEMENTS (KOHA)
Suppress in OPAC 0
Holdings
Withdrawn status Lost status Source of classification or shelving scheme Damaged status Not for loan Home library Current library Shelving location Date acquired Total Checkouts Full call number Barcode Date last seen Copy number Price effective from Koha item type
    Dewey Decimal Classification     London London Journal article 11/08/2005   L130543 130543-1001 06/08/2019 1 06/08/2019 Journal article